15 principales países afectados por Covid19 - 21 de junio - Estadísticas

Estadísticas generales
  • Esta prueba ha sido intentada 5 veces
  • La puntuación promedio es 17 de 27
Estadísticas de respuestas
país % Correcto
Brasil
100%
España
100%
Estados Unidos
100%
Francia
100%
Italia
100%
Rusia
100%
Turquía
100%
Alemania
80%
India
80%
Reino Unido
80%
Chile
60%
Chile
60%
Irán
60%
México
60%
Panamá
60%
Perú
60%
Armenia
40%
Baréin
40%
Bélgica
40%
Catar
40%
Irlanda
40%
Kuwait
40%
Omán
40%
Pakistán
40%
Singapur
40%
Suecia
40%
Bielorrusia
20%
No se encontraron pruebas coincidentes
Distribución de puntuación
Porcentaje de gente con cada puntuación
Porcentaje por número respondido
Historial de tus puntuaciones
No has intentado esta prueba.